Normal view
MARC view
- Drinan, Joanne /frank spellman
Entry Personal Name
001 - CONTROL NUMBER
- control field: 4947
003 - CONTROL NUMBER IDENTIFIER
- control field: JO-AjAnu
005 - DATE AND TIME OF LATEST TRANSACTION
- control field: 20230606071115.0
008 - FIXED-LENGTH DATA ELEMENTS
- fixed length control field: 230606|| aca||aabn | a|a d
040 ## - CATALOGING SOURCE
- Original cataloging agency: JO-AjAnu
- Transcribing agency: JO-AjAnu
100 ## - HEADING--PERSONAL NAME
- Personal name: Drinan, Joanne /frank spellman
670 ## - SOURCE DATA FOUND
- Source citation: Work cat.: (JO-AjAnu)2557: Drinan, Joanne /frank spellman , author, Water and waste water treatment :aguide for the nonengineering professional